[Event "ICS Rated blitz match"]
[Site "204.178.125.65"]
[Date "1999.12.01"]
[Round "?"]
[White "Hossa"]
[Black "Quanny"]
[Result "0-1"]
[WhiteElo "2460"]
[BlackElo "2810"]
[PlyCount "174"]
[EventDate "1999.??.??"]

1. d4 d5 2. c4 dxc4 3. Nf3 Nf6 4. e3 a6 5. Bxc4 e6 6. Nc3 c5 7. Bd2 b5 8. Bd3
Bb7 9. Rc1 Nc6 10. Ne2 c4 11. Bb1 Bd6 12. e4 Be7 13. O-O O-O 14. Be3 Qd7 15.
Bg5 h6 16. Be3 Rfd8 17. Qd2 Qc7 18. Rfd1 Bb4 19. Qc2 Ne7 20. Bf4 Qb6 21. Ng3
Ng6 22. Bd2 Bxd2 23. Qxd2 Rac8 24. Qe2 Rd7 25. Re1 Rcd8 26. b3 cxb3 27. axb3 a5
28. Rc5 b4 29. Rec1 Ra8 30. Qc2 Rdd8 31. Qd3 Rd7 32. Qd1 Rad8 33. Qe1 Qa6 34.
Qe3 a4 35. Bd3 Qa8 36. bxa4 e5 37. d5 b3 38. Bb5 b2 39. Rb1 Nxe4 40. Nxe4 Rxd5
41. Rxd5 Bxd5 42. Ned2 Qc8 43. Ne1 Qc1 44. Qd3 Nf4 45. Qc2 Qxc2 46. Nxc2 Bxg2
47. Nc4 Be4 48. h4 Bxc2 49. Rxb2 Rd1+ 50. Kh2 Be4 51. Bd7 Rh1+ 52. Kg3 Nh5+ 53.
Kg4 Nf6+ 54. Kg3 Nxd7 55. f3 Bd5 56. Ne3 Be6 57. Rb4 f5 58. Kg2 Ra1 59. h5 f4
60. Nf1 Ra2+ 61. Kg1 Bf7 62. Rb7 Nf6 63. Nh2 Rxa4 64. Rb5 e4 65. fxe4 Rxe4 66.
Nf1 Bxh5 67. Rf5 Kf7 68. Nd2 Re1+ 69. Nf1 g5 70. Rc5 Ne4 71. Rc7+ Kf8 72. Rc2
Ng3 73. Kg2 Rxf1 74. Rc8+ Ke7 75. Rc7+ Kf6 76. Rc6+ Kf5 77. Rc3 Rf2+ 78. Kxf2
Ne4+ 79. Kg1 Nxc3 80. Kf1 Be2+ 81. Ke1 f3 82. Kd2 Ne4+ 83. Ke3 g4 84. Kd4 f2
85. Kd5 Bb5 86. Kd4 f1=Q 87. Ke3 87... Qd3# {Hossa checkmated} 0-1

[Event "ICS rated blitz match"]
[Site "204.178.125.65"]
[Date "1999.12.01"]
[Round "?"]
[White "Zippy"]
[Black "Hossa"]
[Result "0-1"]
[WhiteElo "2413"]
[BlackElo "2456"]
[PlyCount "98"]
[EventDate "1999.??.??"]

1. e4 e6 2. d4 d5 3. Nc3 Nf6 4. e5 Nfd7 5. f4 a6 6. g3 c5 7. Nf3 Nc6 8. Be3 Qb6
9. a3 cxd4 10. Bxd4 Nxd4 11. Nxd4 Be7 12. Na4 Qa7 13. Qd2 O-O 14. O-O-O Nb8 15.
h4 b5 16. Nc3 b4 17. axb4 Bxb4 18. Qd3 Bd7 19. Na2 Bc5 20. b4 Bb6 21. Qc3 Rc8
22. Qb2 Nc6 23. Nf3 Bf2 24. Rd3 Bxg3 25. f5 exf5 26. Qb3 Be6 27. Qa3 Nxe5 28.
Nxe5 Bxe5 29. Kd1 Qc7 30. Qa4 a5 31. b5 Qc5 32. Be2 f4 33. Rf1 Bf5 34. Rd2 Rab8
35. Qb3 Be4 36. h5 f3 37. Rxf3 Bxf3 38. Qxf3 Rb6 39. Bd3 Re8 40. Rg2 Qd4 41.
Qf5 Rh6 42. Qd7 Rhe6 43. Re2 Qg1+ 44. Re1 Qg4+ 45. Be2 Qa4 46. Rf1 Qd4+ 47. Ke1
Bg3+ 48. Rf2 Rxe2+ 49. Kf1 49... Qxf2# {Zippy checkmated} 0-1

[Event "ICS rated blitz match"]
[Site "204.178.125.65"]
[Date "1999.12.01"]
[Round "?"]
[White "Hossa"]
[Black "Zippy"]
[Result "1-0"]
[WhiteElo "2470"]
[BlackElo "2399"]
[PlyCount "163"]
[EventDate "1999.??.??"]

1. d4 Nf6 2. c4 c5 3. d5 b5 4. cxb5 a6 5. b6 e6 6. dxe6 fxe6 7. Nc3 Qxb6 8. e4
Nc6 9. Nf3 Be7 10. Bc4 O-O 11. O-O Qb4 12. Qd3 Ng4 13. Qe2 Bf6 14. a3 Qa5 15.
Ng5 Bxg5 16. Bxg5 Nge5 17. Ba2 Rb8 18. Qd2 c4 19. Rab1 Bb7 20. Be3 Rbd8 21.
Rbd1 Ng4 22. Bxc4 Nce5 23. Bb3 Nxe3 24. fxe3 Qb6 25. Ba2 Ng4 26. Qd4 Qxd4 27.
exd4 Ne3 28. Rxf8+ Rxf8 29. Re1 Nc2 30. Re2 Nxd4 31. Rd2 Nb5 32. Rxd7 Nxc3 33.
bxc3 Bxe4 34. Bxe6+ Kh8 35. Bc4 Bc6 36. Ra7 Bb5 37. Bxb5 axb5 38. Rb7 Ra8 39.
Rxb5 Kg8 40. Rb3 Kf7 41. c4 Rc8 42. Rb4 Rd8 43. h4 Rd2 44. Kh2 Ke6 45. a4 Kd6
46. Rb7 Rd4 47. Kg3 Rxc4 48. Rxg7 h5 49. Rg6+ Kc7 50. Rg5 Rxa4 51. Rxh5 Kd6 52.
Rb5 Ra3+ 53. Kg4 Ra4+ 54. Kh5 Rd4 55. g4 Ke6 56. Rb8 Rd7 57. g5 Rh7+ 58. Kg6
Rxh4 59. Kg7 Rd4 60. Rb6+ Ke7 61. Rh6 Rf4 62. g6 Rg4 63. Kg8 Ke6 64. g7+ Ke5
65. Kh8 Ke4 66. Rh5 Kf4 67. g8=Q Rxg8+ 68. Kxg8 Kg4 69. Re5 Kf4 70. Re1 Kf3 71.
Kh7 Kf2 72. Re5 Kf3 73. Kg6 Kf4 74. Re6 Kg3 75. Rf6 Kh4 76. Kf5 Kg3 77. Kg5 Kh3
78. Kf4 Kg2 79. Kg4 Kh2 80. Kf3 Kh1 81. Kf2 Kh2 82. Rh6# {Zippy checkmated} 1-0

[Event "ICS Rated blitz match"]
[Site "204.178.125.65"]
[Date "1999.12.01"]
[Round "?"]
[White "MissSilicon"]
[Black "Hossa"]
[Result "1-0"]
[WhiteElo "2708"]
[BlackElo "2483"]
[PlyCount "185"]
[EventDate "1999.??.??"]

1. e4 e6 2. d4 d5 3. e5 c5 4. c3 Qb6 5. Nf3 Nc6 6. Bd3 cxd4 7. cxd4 Bd7 8. Bc2
Nb4 9. O-O Nxc2 10. Qxc2 Bb5 11. Rd1 Ne7 12. Nc3 Ba6 13. Bg5 Rc8 14. Rac1 Nf5
15. Qb1 Ne7 16. Na4 Qa5 17. Rxc8+ Nxc8 18. Rc1 b6 19. Qc2 Qb5 20. Qc7 Qd7 21.
Qxd7+ Kxd7 22. Nc3 Bd3 23. Rd1 Bc2 24. Rd2 Be4 25. Nxe4 dxe4 26. Ne1 h6 27. Bh4
g5 28. Bg3 h5 29. h3 Be7 30. Re2 Kc6 31. Rxe4 Rd8 32. f3 Rd5 33. h4 Ra5 34. a3
Rb5 35. b4 Rd5 36. hxg5 Bxg5 37. Bf4 Bd8 38. Nc2 Ne7 39. Ne3 Ng6 40. Bh6 Rd7
41. Kf2 Bh4+ 42. Ke2 Bg3 43. f4 Ne7 44. Bg5 Nd5 45. Nd1 h4 46. Kd3 a5 47. bxa5
Ra7 48. Kc2 Rxa5 49. Kb2 Ra4 50. Kb3 b5 51. Nb2 Ra7 52. Nd3 Nb6 53. Nb4+ Kd7
54. Re2 Nc4 55. Nc2 Ra4 56. Bh6 Na5+ 57. Ka2 Nc4 58. Bg5 Kc6 59. Be7 Ra8 60.
Kb3 Ra4 61. Bb4 Kd5 62. Bc5 Kc6 63. Nb4+ Kc7 64. Nd3 Kc6 65. Ka2 Ra8 66. f5
exf5 67. Kb3 Na5+ 68. Kc3 Nc4 69. Nb4+ Kb7 70. Nc2 Kc6 71. Kb3 Na5+ 72. Ka2 Nc4
73. Nb4+ Kd7 74. Nd5 Rc8 75. Bb4 Ra8 76. Kb3 Ra7 77. Nc3 Ra6 78. a4 Nb6 79.
axb5 Ra1 80. Bc5 Nc8 81. d5 Rc1 82. b6 h3 83. b7 Kc7 84. bxc8=Q+ Kxc8 85. e6
fxe6 86. dxe6 h2 87. e7 Kb7 88. e8=Q Be5 89. Rxe5 Rb1+ 90. Nxb1 h1=Q 91. Qd7+
Ka6 92. Qc8+ Kb5 93. Bd4# {Hossa checkmated} 1-0

[Event "ICS Rated blitz match"]
[Site "204.178.125.65"]
[Date "1999.12.01"]
[Round "?"]
[White "Hossa"]
[Black "MissSilicon"]
[Result "0-1"]
[WhiteElo "2476"]
[BlackElo "2715"]
[PlyCount "109"]
[EventDate "1999.??.??"]

1. d4 f5 2. c4 e6 3. Nc3 Nf6 4. Bf4 Bb4 5. a3 Bxc3+ 6. bxc3 O-O 7. Nf3 Ne4 8.
Qb3 c5 9. e3 Nc6 10. Bd3 d5 11. Ne5 Na5 12. Qb2 Nxc4 13. Bxc4 g5 14. Bg3 dxc4
15. f3 Nxg3 16. hxg3 Qd5 17. Rh5 Kg7 18. O-O-O h6 19. Rdh1 Rh8 20. Qe2 cxd4 21.
exd4 Qa5 22. Qb2 b5 23. g4 Rh7 24. gxf5 exf5 25. R5h3 Be6 26. Kb1 Re8 27. R3h2
Qa4 28. Kc1 a5 29. Rh5 Rhh8 30. g3 Bd5 31. Rf1 Qb3 32. Rf2 Rhf8 33. Rfh2 Rf6
34. Qa1 Bxf3 35. Nxf3 Re3 36. Rc2 Rxf3 37. Rh1 Re6 38. d5 Ree3 39. g4 Rf2 40.
Rxf2 Rxc3+ 41. Qxc3+ Qxc3+ 42. Kb1 Qd3+ 43. Rc2 b4 44. axb4 axb4 45. Kc1 Qe3+
46. Kb1 Qe4 47. Rhh2 b3 48. gxf5 bxc2+ 49. Rxc2 Qxd5 50. Rf2 Qd3+ 51. Ka1 Qd4+
52. Rb2 c3 53. Rb7+ Kf6 54. Ka2 Qa4+ 55. Kb1 {Hossa resigns} 0-1

[Event "ICS Rated blitz match"]
[Site "204.178.125.65"]
[Date "1999.12.01"]
[Round "?"]
[White "Zippy"]
[Black "Hossa"]
[Result "0-1"]
[WhiteElo "2388"]
[BlackElo "2461"]
[PlyCount "118"]
[EventDate "1999.??.??"]

1. e4 d5 2. exd5 Qxd5 3. Nc3 Qa5 4. d4 Nf6 5. Nf3 Bg4 6. h3 Bh5 7. g4 Bg6 8.
Ne5 e6 9. Bg2 c6 10. Nxg6 hxg6 11. O-O Na6 12. Re1 O-O-O 13. g5 Nd5 14. Nxd5
cxd5 15. Bf4 Bd6 16. Bxd6 Rxd6 17. Qf3 Qc7 18. c3 Qe7 19. Qg3 Nc7 20. Kh2 Rh5
21. f4 Rd8 22. Bf3 Rh7 23. a4 Rdh8 24. Bg2 Qd6 25. Rf1 Qb6 26. Rf2 Ne8 27. a5
Qa6 28. Bf1 b5 29. b3 Nd6 30. Rf3 Qc6 31. a6 Nf5 32. Qe1 Rh5 33. Ra5 Nd6 34.
Qe5 Qb6 35. Ra2 R8h7 36. Ra3 Ne4 37. f5 Nd2 38. Rf2 Nxf1+ 39. Kg1 gxf5 40. Kxf1
Rxh3 41. b4 R3h4 42. Re2 Rh1+ 43. Kf2 Qd8 44. Qf4 R7h4 45. Qg3 R4h2+ 46. Kf3
Rf1+ 47. Rf2 Rfxf2+ 48. Qxf2 Rxf2+ 49. Kxf2 Qxg5 50. c4 Qd2+ 51. Kf3 bxc4 52.
Re3 c3 53. Re2 Qd3+ 54. Kf2 c2 55. Rxc2+ Qxc2+ 56. Ke1 f4 57. b5 f3 58. Kf1
Qe2+ 59. Kg1 59... Qg2# {Zippy checkmated} 0-1

[Event "ICS Rated blitz match"]
[Site "204.178.125.65"]
[Date "1999.12.01"]
[Round "?"]
[White "Hossa"]
[Black "Zippy"]
[Result "1-0"]
[WhiteElo "2474"]
[BlackElo "2375"]
[PlyCount "139"]
[EventDate "1999.??.??"]

1. d4 Nf6 2. c4 c5 3. d5 e6 4. Nc3 exd5 5. cxd5 d6 6. e4 Be7 7. Nf3 O-O 8. Bd3
Na6 9. O-O Qb6 10. e5 dxe5 11. Nxe5 Nb4 12. Bc4 Bd6 13. Bf4 g5 14. Bg3 Re8 15.
Re1 Bxe5 16. Bxe5 Ng4 17. Bg3 Rxe1+ 18. Qxe1 Qd8 19. Qd2 h6 20. Ne4 Nf6 21.
Nxf6+ Qxf6 22. a3 Na6 23. Re1 Bf5 24. Qe2 Rd8 25. Qe7 Qxe7 26. Rxe7 Rd7 27.
Re8+ Kg7 28. d6 f6 29. Re7+ Kf8 30. Bd3 Rxe7 31. dxe7+ Kxe7 32. Bxf5 c4 33. Bc8
Nc5 34. Bb8 a5 35. Ba7 Kd8 36. Bxc5 Kxc8 37. Bf8 Kd7 38. Bxh6 Ke6 39. a4 b6 40.
h4 Kf5 41. h5 Kg4 42. Bg7 Kf5 43. Bf8 g4 44. Bd6 Kg5 45. Bc7 Kxh5 46. Bxb6 c3
47. bxc3 Kg5 48. Bxa5 Kf5 49. Bd8 Ke5 50. Bxf6+ Kd6 51. f4 gxf3 52. a5 Kc7 53.
a6 f2+ 54. Kxf2 Kd6 55. a7 Ke6 56. a8=Q Kxf6 57. Qf8+ Ke6 58. Qe7+ Kxe7 59. g4
Kf6 60. c4 Ke6 61. c5 Kd7 62. g5 Kc6 63. g6 Kd7 64. g7 Kc6 65. g8=Q Kc7 66. Qd5
Kc8 67. Qf7 Kd8 68. c6 Kc8 69. Qg7 Kd8 70. Qd7# {Zippy checkmated} 1-0

[Event "ICS rated blitz match"]
[Site "204.178.125.65"]
[Date "1999.12.01"]
[Round "?"]
[White "PowerMan"]
[Black "Hossa"]
[Result "0-1"]
[WhiteElo "2124"]
[BlackElo "2486"]
[PlyCount "52"]
[EventDate "1999.??.??"]

1. g3 e5 2. c4 Nf6 3. Bg2 Nc6 4. Nc3 Bc5 5. a3 d6 6. e3 Be6 7. b4 Bb6 8. d3 Qc8
9. h3 O-O 10. Nge2 a5 11. b5 Ne7 12. a4 Re8 13. Bb2 Bc5 14. Kf1 c6 15. bxc6
bxc6 16. Kg1 Rb8 17. Qc2 d5 18. cxd5 cxd5 19. Kh2 Nc6 20. Rhc1 Nb4 21. Qd2 Nxd3
22. Qxd3 Rxb2 23. Nb5 Ne4 24. f3 Rd2 25. Qb3 Rxe2 26. Nd6 26... Nxd6 {
PowerMan resigns} 0-1

[Event "ICS rated blitz match"]
[Site "204.178.125.65"]
[Date "1999.12.01"]
[Round "?"]
[White "HLP"]
[Black "Hossa"]
[Result "0-1"]
[WhiteElo "2201"]
[BlackElo "2495"]
[PlyCount "50"]
[EventDate "1999.??.??"]

1. e4 d5 2. exd5 Qxd5 3. Nc3 Qa5 4. d4 Nf6 5. Bc4 Bg4 6. f3 Bf5 7. Nge2 Nc6 8.
Bd2 O-O-O 9. Nd5 Qa4 10. Bb3 Qa6 11. Ne3 Bg6 12. c3 e5 13. O-O exd4 14. cxd4
Nxd4 15. Nxd4 Rxd4 16. Qe1 Bc5 17. Kh1 Re8 18. Rc1 Rxd2 19. Rxc5 Rxe3 20. Qc1
Re7 21. Rg1 Qe2 22. a4 Rxb2 23. Bc4 Qf2 24. Bb5 Rb1 25. Rxc7+ 25... Rxc7 {
HLP resigns} 0-1

[Event "ICS rated blitz match"]
[Site "204.178.125.65"]
[Date "1999.12.01"]
[Round "?"]
[White "Hossa"]
[Black "HLP"]
[Result "1/2-1/2"]
[WhiteElo "2500"]
[BlackElo "2196"]
[PlyCount "41"]
[EventDate "1999.??.??"]

1. d4 d5 2. Bg5 f6 3. Bh4 g5 4. Bg3 Bf5 5. c4 Nc6 6. cxd5 Qxd5 7. e3 e6 8. Bxc7
Rc8 9. Nc3 Bb4 10. Bg3 Nxd4 11. exd4 Rxc3 12. Qa4+ Qc6 13. Qxb4 Rc1+ 14. Rxc1
Qxc1+ 15. Ke2 Qc2+ 16. Ke3 Qe4+ 17. Kd2 Qc2+ 18. Ke1 Qb1+ 19. Kd2 Qc2+ 20. Ke1
Qb1+ 21. Kd2 {Game drawn by mutual agreement} 1/2-1/2

[Event "ICS rated blitz match"]
[Site "204.178.125.65"]
[Date "1999.12.01"]
[Round "?"]
[White "GaryG"]
[Black "Hossa"]
[Result "0-1"]
[WhiteElo "2614"]
[BlackElo "2489"]
[PlyCount "88"]
[EventDate "1999.??.??"]

1. e4 d5 2. exd5 Qxd5 3. Nf3 Bg4 4. Be2 Nc6 5. d4 O-O-O 6. c4 Qf5 7. Be3 Bxf3
8. Bxf3 Nxd4 9. Bg4 Nc2+ 10. Qxc2 Qxg4 11. O-O e5 12. Bxa7 b6 13. Qa4 Kb7 14.
Nc3 Bc5 15. b4 Qxc4 16. bxc5 Qxa4 17. Nxa4 Kxa7 18. cxb6+ cxb6 19. Rab1 Rd6 20.
Rfe1 f6 21. Rec1 Ka6 22. Rc7 Nh6 23. Nc3 Rhd8 24. Rxg7 R6d7 25. Rxd7 Rxd7 26.
Kf1 f5 27. Ke2 Ng4 28. f3 Nf6 29. a4 Nd5 30. Nxd5 Rxd5 31. g3 Ra5 32. Rb4 Rc5
33. Rh4 Rc2+ 34. Ke3 Rc3+ 35. Kd2 Rxf3 36. Rxh7 f4 37. g4 e4 38. h4 Ra3 39. Rh8
e3+ 40. Ke2 Ra2+ 41. Kd3 e2 42. Ra8+ Kb7 43. Re8 f3 44. Re7+ 44... Ka6 {
GaryG resigns} 0-1

[Event "ICS Rated blitz match"]
[Site "204.178.125.65"]
[Date "1999.12.01"]
[Round "?"]
[White "Hossa"]
[Black "PackMaster"]
[Result "0-1"]
[WhiteElo "2511"]
[BlackElo "2536"]
[PlyCount "120"]
[EventDate "1999.??.??"]

1. d4 Nf6 2. c4 e6 3. Nf3 b6 4. g3 Bb7 5. Bg2 Be7 6. O-O O-O 7. Nc3 Ne4 8. Nxe4
Bxe4 9. Bf4 d6 10. Bh3 Nd7 11. Nd2 Bb7 12. Qa4 Bf6 13. Nb3 Qe7 14. Rad1 Rfd8
15. Rfe1 a6 16. e4 e5 17. Bxd7 exf4 18. Bc6 b5 19. cxb5 axb5 20. Qxb5 Bxc6 21.
Qxc6 fxg3 22. fxg3 Rxa2 23. Qc2 Rda8 24. Nc1 R2a4 25. Nb3 Rb4 26. Rf1 Qe6 27.
Rf3 Rab8 28. Rdd3 Qxe4 29. Qxc7 Qe1+ 30. Rf1 Qe2 31. Nc1 Qxb2 32. Qxd6 Rxd4 33.
Qc7 Re8 34. Rb3 Qd2 35. Rb7 Qe3+ 36. Rf2 Rd1+ 37. Kg2 Qe4+ 38. Kh3 Qe6+ 39. Kg2
Rxc1 40. Qxc1 Qe4+ 41. Kh3 Qxb7 42. Qd1 Qc6 43. Rc2 Qe4 44. Rc7 Qf5+ 45. Kg2
Rb8 46. Rc2 Qe4+ 47. Kh3 Bd4 48. Rc7 Qf5+ 49. g4 Qf2 50. Re7 Bf6 51. Re1 Qh4+
52. Kg2 Rb2+ 53. Kf3 Qf2+ 54. Ke4 Rb4+ 55. Kd5 Qa2+ 56. Qb3 Qxb3+ 57. Kd6 Rd4+
58. Kc6 Rc4+ 59. Kd7 Qd3+ 60. Ke8 60... Rc8# {Hossa checkmated} 0-1

[Event "ICS Rated blitz match"]
[Site "204.178.125.65"]
[Date "1999.12.01"]
[Round "?"]
[White "Quanny"]
[Black "Hossa"]
[Result "1-0"]
[WhiteElo "2811"]
[BlackElo "2496"]
[PlyCount "143"]
[EventDate "1999.??.??"]

1. d4 Nf6 2. c4 g6 3. Bf4 Nh5 4. Bd2 Bg7 5. Nf3 c5 6. g4 Nf6 7. g5 Ne4 8. e3
Nxd2 9. Qxd2 cxd4 10. Nxd4 Nc6 11. Nc3 Qa5 12. h4 O-O 13. O-O-O d6 14. Bg2 Ne5
15. Nd5 Qxa2 16. Nxe7+ Kh8 17. b3 Qa3+ 18. Kc2 Re8 19. Ra1 Qc5 20. Nxc8 Qxc8
21. h5 Nc6 22. hxg6 fxg6 23. f4 Bxd4 24. Bxc6 Qf5+ 25. e4 Rxe4 26. Bxe4 Qxe4+
27. Qd3 Qxd3+ 28. Kxd3 Bxa1 29. Rxa1 a6 30. Ke4 Re8+ 31. Kd5 Re3 32. Rb1 Rd3+
33. Ke4 Rd2 34. Ke3 Rh2 35. Ke4 Kg8 36. Rd1 Re2+ 37. Kd4 Kf8 38. Rd3 b5 39. Kd5
bxc4 40. bxc4 Ke7 41. Rh3 Rd2+ 42. Ke4 Ke6 43. Rxh7 Re2+ 44. Kf3 Re1 45. Rg7
Rf1+ 46. Kg3 Kf5 47. Rf7+ Ke4 48. Re7+ Kf5 49. c5 Rg1+ 50. Kf3 Rf1+ 51. Ke2 Rb1
52. cxd6 Rb2+ 53. Kd3 Rb3+ 54. Kd4 Rb4+ 55. Kd5 Rb1 56. Re5+ Kg4 57. d7 Kg3 58.
Kc6 Kxf4 59. d8=Q Rc1+ 60. Rc5 Rxc5+ 61. Kxc5 a5 62. Qf6+ Kg3 63. Qxg6 Kf4 64.
Kb5 a4 65. Qf6+ Ke4 66. Kxa4 Kd5 67. Qf5+ Kd6 68. g6 Ke7 69. g7 Kd6 70. Kb5 Ke7
71. Kc6 Ke8 72. Qf8# {Hossa checkmated} 1-0

[Event "ICS Rated blitz match"]
[Site "204.178.125.65"]
[Date "1999.12.01"]
[Round "?"]
[White "Hossa"]
[Black "Quanny"]
[Result "0-1"]
[WhiteElo "2492"]
[BlackElo "2815"]
[PlyCount "82"]
[EventDate "1999.??.??"]

1. d4 d5 2. Nf3 Nf6 3. c3 c5 4. dxc5 e6 5. b4 a5 6. a4 Nc6 7. b5 Nb8 8. Ba3
Nbd7 9. c6 bxc6 10. bxc6 Nb8 11. Bxf8 Kxf8 12. e3 Nxc6 13. Bb5 Bb7 14. c4 dxc4
15. Qe2 Nb4 16. Bxc4 Bxf3 17. gxf3 Rc8 18. Na3 Nfd5 19. Rc1 Nb6 20. Rd1 Qg5 21.
Ba6 Rc3 22. Nb1 Rc5 23. f4 Qg2 24. Qf1 Qf3 25. Rg1 Nc2+ 26. Kd2 Qd5+ 27. Ke2
Qh5+ 28. Kd2 Nxa4 29. Bd3 Nb4 30. Qg2 Rd5 31. Qxg7+ Ke7 32. Qxh8 Rxd3+ 33. Kc1
Qc5+ 34. Nc3 Rxc3+ 35. Kd2 Rd3+ 36. Ke1 Rxd1+ 37. Ke2 Rxg1 38. Qe5 Qc2+ 39. Kf3
Qd1+ 40. Ke4 Nc3+ 41. Qxc3 41... Qd5# {Hossa checkmated} 0-1

[Event "ICS Rated blitz match"]
[Site "204.178.125.65"]
[Date "1999.12.01"]
[Round "?"]
[White "Amateur"]
[Black "Hossa"]
[Result "1-0"]
[WhiteElo "2404"]
[BlackElo "2488"]
[PlyCount "135"]
[EventDate "1999.??.??"]

1. e4 d5 2. exd5 Qxd5 3. Nc3 Qa5 4. d4 Nf6 5. Nf3 Bg4 6. Be2 Nbd7 7. O-O Bh5 8.
Bd2 O-O-O 9. Ng5 Bg6 10. Bd3 Bh5 11. Nb5 Qa6 12. Be2 h6 13. Bxh5 hxg5 14. Be2
Ne4 15. Bb4 Qh6 16. h3 a6 17. Nc3 Nef6 18. Ba5 Nb8 19. Bf3 Qh4 20. Qe2 Rxd4 21.
Rfd1 Nbd7 22. Nd5 Nxd5 23. Bxd5 e6 24. Bc3 Rxd1+ 25. Rxd1 Bd6 26. Be4 Nc5 27.
Rd4 Nxe4 28. Qxe4 Qh5 29. Rd2 Bf4 30. Rd3 Re8 31. Qd4 Kb8 32. Qxg7 Bd6 33. g4
Qh4 34. Bf6 Bc5 35. Rf3 Bxf2+ 36. Kg2 Ba7 37. Qxf7 Rc8 38. Qxe6 Qh6 39. Qf7 Bc5
40. Qh5 Qxh5 41. gxh5 Re8 42. h6 Bd6 43. h7 Re2+ 44. Kf1 Re8 45. Re3 Rf8 46.
Ke2 Bc5 47. Re4 Bd6 48. Bg7 Rd8 49. Kf3 c5 50. Re6 Kc7 51. Kg4 Bf4 52. Bf6 Rf8
53. h4 Kd7 54. Re7+ Kc6 55. hxg5 Bd6 56. Re3 c4 57. Bg7 Rf4+ 58. Kh5 Rf1 59.
Rh3 Rf8 60. Bxf8 Bxf8 61. h8=Q Be7 62. Qc8+ Kd6 63. Re3 Bxg5 64. Re6+ Kd5 65.
Qd7+ Kc5 66. Qd6+ Kb5 67. Re5+ Ka4 68. Qa3# {Hossa checkmated} 1-0

[Event "ICS Rated blitz match"]
[Site "204.178.125.65"]
[Date "1999.12.01"]
[Round "?"]
[White "Hossa"]
[Black "StrongBach"]
[Result "1-0"]
[WhiteElo "2468"]
[BlackElo "1778"]
[PlyCount "81"]
[EventDate "1999.??.??"]

1. d4 d5 2. Nf3 Be6 3. Qd3 Bd7 4. e4 c6 5. exd5 Qa5+ 6. Bd2 Qxd5 7. Qe3 Be6 8.
c4 Qh5 9. Ne5 Nd7 10. Be2 Qh4 11. Nf3 Qf6 12. Nc3 Bg4 13. Ne4 Qe6 14. Nfg5 Qg6
15. Bxg4 f5 16. Bxf5 Qh6 17. Bxd7+ Kxd7 18. Nf7 Qxe3+ 19. Bxe3 b5 20. cxb5 Rb8
21. bxc6+ Kxc6 22. Rc1+ Kd5 23. Rc5+ Ke6 24. Neg5+ Kd7 25. Nxh8 Nf6 26. Rc2 Rb6
27. d5 Rb7 28. Ne6 Rb8 29. Bxa7 Re8 30. Rc5 g6 31. a4 Bh6 32. Nf7 Nxd5 33. Nd4
Ne3 34. fxe3 Bg7 35. Rd5+ Kc8 36. Rb5 h5 37. Ne6 Kd7 38. Nxg7 Rf8 39. O-O Ra8
40. Rc1 Rxa7 41. Rd5# {StrongBach checkmated} 1-0

[Event "ICS Rated blitz match"]
[Site "204.178.125.65"]
[Date "1999.12.01"]
[Round "?"]
[White "Amateur"]
[Black "Hossa"]
[Result "1-0"]
[WhiteElo "2427"]
[BlackElo "2469"]
[PlyCount "32"]
[EventDate "1999.??.??"]

1. e4 d5 2. exd5 Qxd5 3. Nc3 Qa5 4. d4 Nf6 5. Nf3 Nc6 6. Bd2 a6 7. Bc4 Nxd4 8.
Nxd4 Qc5 9. Bxf7+ Kxf7 10. Be3 Qb4 11. a3 Qd6 12. Qe2 e5 13. Qc4+ Kg6 14. Nf3
c6 15. Nh4+ Kh5 16. h3 16... Qe6 {Hossa resigns} 1-0

[Event "ICS Rated blitz match"]
[Site "204.178.125.65"]
[Date "1999.12.01"]
[Round "?"]
[White "Hossa"]
[Black "Amateur"]
[Result "0-1"]
[WhiteElo "2451"]
[BlackElo "2445"]
[PlyCount "116"]
[EventDate "1999.??.??"]

1. d4 Nf6 2. c4 e6 3. Nc3 d5 4. Bg5 Bb4 5. e3 Bxc3+ 6. bxc3 c6 7. Qa4 O-O 8.
Bd3 Nbd7 9. Qc2 h6 10. Bf4 dxc4 11. Bxc4 b5 12. Bd3 Nd5 13. Bd6 Re8 14. e4 N7b6
15. Bg3 Nf6 16. Nf3 Nh5 17. O-O Nxg3 18. fxg3 Bb7 19. Rab1 Rf8 20. Rf2 Qe7 21.
Rbf1 Nd7 22. e5 f5 23. exf6 Rxf6 24. Nh4 Qa3 25. Ng6 Rxf2 26. Rxf2 Nf6 27. Re2
Nd5 28. Ne5 Nf6 29. Rf2 Rf8 30. Rf4 a6 31. Qb3 Qc1+ 32. Rf1 Qe3+ 33. Kh1 Nd5
34. Rxf8+ Kxf8 35. Qd1 Qf2 36. Qa1 Kg8 37. a3 Qd2 38. Qf1 Nf6 39. Qa1 c5 40.
Bf1 cxd4 41. cxd4 Ne4 42. Nd3 Qe3 43. a4 Bc6 44. Qb2 bxa4 45. Qb6 Bd5 46. Qxa6
Qxd4 47. Qa5 Qa1 48. Kg1 a3 49. Qa4 Nd2 50. Qf4 a2 51. Nb4 Nxf1 52. Qb8+ Kh7
53. Nxd5 Qd4+ 54. Ne3 a1=Q 55. Qh8+ Kxh8 56. h3 Qxe3+ 57. Kh1 Nxg3+ 58. Kh2
58... Qag1# {Hossa checkmated} 0-1

[Event "ICS rated blitz match"]
[Site "204.178.125.65"]
[Date "1999.12.01"]
[Round "?"]
[White "GoldenPiece"]
[Black "Hossa"]
[Result "1-0"]
[WhiteElo "2179"]
[BlackElo "2431"]
[PlyCount "39"]
[EventDate "1999.??.??"]

1. d4 Nf6 2. Nf3 e6 3. e3 d5 4. Bd3 Bb4+ 5. c3 Bd6 6. Nbd2 O-O 7. O-O c5 8. Ne5
Nc6 9. f4 Rb8 10. g4 c4 11. Bc2 Nd7 12. g5 Ndxe5 13. dxe5 Bc5 14. Rf3 Qb6 15.
Bxh7+ Kxh7 16. Rh3+ Kg8 17. Qh5 f6 18. g6 Bxe3+ 19. Kf1 fxe5 20. Qh8# {
Hossa checkmated} 1-0

[Event "ICS rated blitz match"]
[Site "204.178.125.65"]
[Date "1999.12.01"]
[Round "?"]
[White "Hossa"]
[Black "Uncle-Sam"]
[Result "1-0"]
[WhiteElo "2405"]
[BlackElo "2074"]
[PlyCount "41"]
[EventDate "1999.??.??"]

1. d4 d5 2. Bg5 Bf5 3. e3 c6 4. Bd3 Bg6 5. Nf3 Nd7 6. O-O Qb6 7. b3 e6 8. c4 f6
9. Bf4 Qd8 10. cxd5 exd5 11. a3 Bxd3 12. Qxd3 Ne7 13. e4 Ng6 14. exd5 cxd5 15.
Qf5 Ne7 16. Qe6 Qb6 17. Bd6 O-O-O 18. Rc1+ Nc6 19. Bg3 g5 20. Nc3 h5 21. Nxd5 {
Uncle-Sam resigns} 1-0

[Event "ICS Rated blitz match"]
[Site "204.178.125.65"]
[Date "1999.12.01"]
[Round "?"]
[White "Hossa"]
[Black "Beadle"]
[Result "1-0"]
[WhiteElo "2406"]
[BlackElo "2574"]
[PlyCount "141"]
[EventDate "1999.??.??"]

1. d4 d5 2. Bg5 Nf6 3. Bxf6 exf6 4. e3 Nc6 5. Nf3 Bf5 6. Bd3 Qd7 7. Bxf5 Qxf5
8. O-O O-O-O 9. Nbd2 Bb4 10. c4 Rhe8 11. cxd5 Rxd5 12. Qb3 Bxd2 13. Nxd2 a5 14.
e4 Rxe4 15. Nxe4 Qxe4 16. Rae1 Qf5 17. Re8+ Nd8 18. Qe3 Qc2 19. Qc3 Qxc3 20.
bxc3 Kd7 21. Rfe1 c5 22. dxc5 Ne6 23. Rh8 Rxc5 24. Rxh7 Rxc3 25. Rh5 g5 26. Rh7
Ke7 27. h4 Rc2 28. a3 b5 29. Rb1 Nd4 30. Rd1 Rc4 31. hxg5 fxg5 32. Re1+ Kf6 33.
Rh6+ Kf5 34. Rd1 Ke5 35. Rh8 b4 36. Ra8 Rc5 37. axb4 axb4 38. Re8+ Ne6 39. Rb8
Rc4 40. Rb1 Nf4 41. R8xb4 Rxb4 42. Rxb4 g4 43. Rb5+ Ke4 44. Kh2 f5 45. Rb4+ Ke5
46. Rb1 Kd5 47. Kg3 Ne2+ 48. Kh4 Nc3 49. Rb3 Ne4 50. f3 gxf3 51. gxf3 Nd6 52.
Kg5 Ke5 53. Re3+ Kd4 54. Re6 Nc4 55. Kxf5 Na5 56. f4 Nb7 57. Kg6 Nc5 58. Re7
Nd3 59. Rd7+ Ke3 60. Rxd3+ Kxd3 61. f5 Ke4 62. f6 Ke5 63. f7 Ke4 64. f8=Q Kd5
65. Qb4 Kc6 66. Qa5 Kd6 67. Kf7 Kc6 68. Ke7 Kb7 69. Kd7 Kb8 70. Kc6 Kc8 71.
Qa8# {Beadle checkmated} 1-0

[Event "ICS Rated standard match"]
[Site "204.178.125.65"]
[Date "1999.12.01"]
[Round "?"]
[White "Hossa"]
[Black "star"]
[Result "0-1"]
[WhiteElo "2219"]
[BlackElo "2389"]
[PlyCount "60"]
[EventDate "1999.??.??"]

1. e4 c5 2. d4 cxd4 3. c3 d5 4. exd5 Nf6 5. Qa4+ Bd7 6. Qxd4 e6 7. dxe6 fxe6 8.
Na3 Bxa3 9. bxa3 O-O 10. Nf3 Nc6 11. Qd2 Qa5 12. Rb1 Ne5 13. Nxe5 Qxe5+ 14. Qe3
Qc7 15. Bd3 Ng4 16. Qe4 Nf6 17. Qd4 Bc6 18. Bf4 Qf7 19. Bf1 Rfd8 20. Qc4 Rac8
21. Qb3 Nd5 22. Bg3 Qg6 23. f3 Nxc3 24. Ra1 Qh6 25. Qxc3 Bxf3 26. Qb2 Qe3+ 27.
Be2 Bxe2 28. Bf2 Qd3 29. Bg3 Rc2 30. Bf4 30... Rxb2 {Hossa resigns} 0-1